000 00986nam a22003377a 4500
001 BR2022000156
003 BR-BrBNA
005 20230928105620.0
007 ta
008 230509b bl.||||| |||| 00| 0 por d
040 _aBR-BrBNA
_bpor
_cBiblioteca Nacional de Agricultura
041 _a(Por)
072 _aC20; E11; E40
090 _ C20 BR2022000156
110 1 _aSecretaria Especial de Agricultura Familiar e do Desenvolvimento Agrário, Brasília, DF (Brasil)
_99127
245 1 _aGuia metodológico: programa ATER mais gestão
260 3 _aBrasília, DF (Brasil):
_c2018.
300 _a65 p.
500 _a19 ref.; 31 illus.; 4 tables
650 _aASSISTÊNCIA TÉCNICA
650 _aEXTENSÃO RURAL
650 _aCAPACITAÇÃO
650 _aMÉTODO
650 _aGESTÃO
650 _aAGRICULTURA FAMILIAR
650 _aCOOPERATIVA
650 _aASSOCIAÇÃO
650 _aPOLÍTICA AGRÁRIA
909 _a202309
_bLucia
_c55
_dLucia Elande
942 _cBK
999 _c85891
_d85891